PeerShark: flow-clustering and conversation-generation for malicious peer-to-peer traffic identification (Record no. 354103)
[ view plain ]
| 000 -LEADER | |
|---|---|
| fixed length control field | 00446nam a2200097Ia 4500 |
| 008 - FIXED-LENGTH DATA ELEMENTS--GENERAL INFORMATION | |
| fixed length control field | 180130s9999 xx 000 0 und d |
| 245 ## - TITLE STATEMENT | |
| Statement of responsibility, etc | Narang, Pratik; Hota, Chittaranjan; Venkatakrishnan, VN |
| Title | PeerShark: flow-clustering and conversation-generation for malicious peer-to-peer traffic identification |
| 260 ## - PUBLICATION, DISTRIBUTION, ETC. (IMPRINT) | |
| Date of publication, distribution, etc | 2016 |
| 300 ## - PHYSICAL DESCRIPTION | |
| Extent | Book title: Handbook of information security--Acession number C20533; pages 225-236 |
| 650 ## - SUBJECT ADDED ENTRY--TOPICAL TERM | |
| Topical term or geographic name as entry element | INFORMATION SECURITY |
| Withdrawn status | Lost status | Damaged status | Home library | Current library | Date acquired | Total Checkouts | Date last seen | Price effective from | Koha item type |
|---|---|---|---|---|---|---|---|---|---|
| College Library | College Library | 01/30/2018 | 01/30/2018 | 01/30/2018 | Book Chapter |